000 00673nam a2200217Ii 4500
003 JO-AjNU
008 230605s9999||||xx |||||||||||||| ||und||
017 _a1988/1/43
040 _aJO-AjNU
_bara
_erda
_cJO-AjNU
041 _aara
050 1 4 _aBP161.2.H55 1993
100 3 _aهندي، صالح ذياب,
_eauthor
_941052
245 0 0 _aدراسات في الثقافة الإسلامية
250 _aط9
264 3 1 _aعمان: دار الفكر للنشر، 1993
300 _a254ص
336 _atext
_btxt
_2rdacontent
337 _aunmediated
_bn
_2rdamedia
338 _avolume
_bnc
_2rdacarrier
650 4 _aالاسلام- ثقافة اسلامية
_941053
999 _aA17471
_c21039
_d21039